Birthplace, home and future of aerospace-- : the evolution of aeronautical development at the Aeronautical Systems Center.

Bibliographic Details
Corporate Authors: Aeronautical Systems Center (U.S.). History Office, United States. Department of the Air Force
Format: Government Document Book
Language:English
Published: Wright-Patterson AFB, Ohio : ASC History Office, 1999.
Subjects:

MARC

Tag First Indicator Second Indicator Subfields
LEADER 00000cam a22000007a 4500
001 in00000005244
005 20150924084637.0
008 990720s1999 ohua f000 0 eng d
035 |a (OCoLC)41928525 
035 |9 AJJ1680AM 
040 |a GPO  |c GPO  |d DLC  |d MvI  |d UtOrBLW 
043 |a n-us---  |a n-us-oh 
049 |a UDOC 
074 |a 0424 
086 0 |a D 301.2:B 53 
245 0 0 |a Birthplace, home and future of aerospace-- :  |b the evolution of aeronautical development at the Aeronautical Systems Center. 
264 1 |a Wright-Patterson AFB, Ohio :  |b ASC History Office,  |c 1999. 
300 |a 84 pages :  |b color illustrations ;  |c 28 cm. 
336 |a text  |b txt  |2 rdacontent 
337 |a unmediated  |b n  |2 rdamedia 
338 |a volume  |b nc  |2 rdacarrier 
500 |a Shipping list number: 99-0284-P. 
650 0 |a Aeronautics, Military  |x Technological innovations  |z United States. 
650 0 |a Air power  |z United States  |x History. 
650 0 |a Aeronautics, Military  |z United States  |x History. 
610 2 0 |a Aeronautical Systems Center (U.S.) 
710 2 |a Aeronautical Systems Center (U.S.).  |b History Office. 
710 1 |a United States.  |b Department of the Air Force. 
999 |a MARS 
999 f f |s c7a19d1c-f84f-3ad9-8d1d-3541d1591e64  |i b7c2e08c-0949-3434-97da-293d4b810dc4  |t 0 
952 f f |p normal  |a Texas A&M University  |b College Station  |c Sterling C. Evans Library  |d Evans: US Documents (Annex 5th floor)  |t 0  |e D 301.2:B 53  |h Superintendent of Documents classification  |i unmediated -- volume  |m A14826676541 
998 f f |a D 301.2:B 53  |t 0  |l Evans: US Documents (Annex 5th floor)